000 00462nam a2200217Ia 4500
001 000549
003 YMCAF
005 20230512160025.0
008 100717s1971 ||||||||||||||||| ||und|d
024 _a549
035 _a534
040 _aYMCAF
_beng
_cIN-KoLT
041 _aeng
082 _aTEX-IMP
100 _aIMPEWRIAL CHEMICAL PUB
245 0 _aTEXTILE PRINTING WRITH CALEDON
250 _a1961
260 _c1971
300 _a581
942 _2ddc
_cBK
999 _c427
_d427